Perception and Interactive Technologies International Tutorial and Research Workshop, PIT 2006 Kloster Irsee, Germany, June 19-21, 2006. Proceedings /

Bibliographic Details
Corporate Author: SpringerLink (Online service)
Other Authors: André, Elisabeth (Editor), Dybkjær, Laila (Editor), Minker, Wolfgang (Editor), Neumann, Heiko (Editor), Weber, Michael (Editor)
Format: Electronic eBook
Language:English
Published: Berlin, Heidelberg : Springer Berlin Heidelberg, 2006.
Series:Lecture Notes in Computer Science, 4021
Subjects:
Online Access:Full Text via HEAL-Link
LEADER 04305nam a22005535i 4500
001 978-3-540-34744-6
003 DE-He213
005 20151123154857.0
007 cr nn 008mamaa
008 100301s2006 gw | s |||| 0|eng d
020 |a 9783540347446  |9 978-3-540-34744-6 
024 7 |a 10.1007/11768029  |2 doi 
040 |d GrThAP 
050 4 |a Q334-342 
050 4 |a TJ210.2-211.495 
072 7 |a UYQ  |2 bicssc 
072 7 |a TJFM1  |2 bicssc 
072 7 |a COM004000  |2 bisacsh 
082 0 4 |a 006.3  |2 23 
245 1 0 |a Perception and Interactive Technologies  |h [electronic resource] :  |b International Tutorial and Research Workshop, PIT 2006 Kloster Irsee, Germany, June 19-21, 2006. Proceedings /  |c edited by Elisabeth André, Laila Dybkjær, Wolfgang Minker, Heiko Neumann, Michael Weber. 
264 1 |a Berlin, Heidelberg :  |b Springer Berlin Heidelberg,  |c 2006. 
300 |a XII, 220 p.  |b online resource. 
336 |a text  |b txt  |2 rdacontent 
337 |a computer  |b c  |2 rdamedia 
338 |a online resource  |b cr  |2 rdacarrier 
347 |a text file  |b PDF  |2 rda 
490 1 |a Lecture Notes in Computer Science,  |x 0302-9743 ;  |v 4021 
505 0 |a Head Pose and Eye Gaze Tracking -- Guiding Eye Movements for Better Communication and Augmented Vision -- Detection of Head Pose and Gaze Direction for Human-Computer Interaction -- Modelling and Simulation of Perception -- Modelling and Simulation of Spontaneous Perception Switching with Ambiguous Visual Stimuli in Augmented Vision Systems -- Neural Network Architecture for Modeling the Joint Visual Perception of Orientation, Motion, and Depth -- Integrating Information from Multiple Channels -- AutoSelect: What You Want Is What You Get: Real-Time Processing of Visual Attention and Affect -- Emotion Recognition Using Physiological and Speech Signal in Short-Term Observation -- Visual and Auditory Displays Driven by Perceptive Principles -- Visual Attention in Auditory Display -- A Perceptually Optimized Scheme for Visualizing Gene Expression Ratios with Confidence Values -- Spoken Dialogue Systems -- Combining Speech User Interfaces of Different Applications -- Learning and Forgetting of Speech Commands in Automotive Environments -- Help Strategies for Speech Dialogue Systems in Automotive Environments -- Multimodal and Situated Dialogue Systems -- Information Fusion for Visual Reference Resolution in Dynamic Situated Dialogue -- Speech and 2D Deictic Gesture Reference to Virtual Scenes -- Combining Modality Theory and Context Models -- Integration of Perceptive Technologies and Animation -- Visual Interaction in Natural Human-Machine Dialogue -- Multimodal Sensing, Interpretation and Copying of Movements by a Virtual Agent -- Poster Session -- Perception of Dynamic Facial Expressions of Emotion -- Multi-level Face Tracking for Estimating Human Head Orientation in Video Sequences -- The Effect of Prosodic Features on the Interpretation of Synthesised Backchannels -- Unsupervised Learning of Spatio-temporal Primitives of Emotional Gait -- System Demonstrations -- Talking with Higgins: Research Challenges in a Spoken Dialogue System -- Location-Based Interaction with Children for Edutainment -- An Immersive Game – Augsburg Cityrun -- Gaze-Contingent Spatio-temporal Filtering in a Head-Mounted Display -- A Single-Camera Remote Eye Tracker -- Miniature 3D TOF Camera for Real-Time Imaging. 
650 0 |a Computer science. 
650 0 |a User interfaces (Computer systems). 
650 0 |a Artificial intelligence. 
650 0 |a Image processing. 
650 1 4 |a Computer Science. 
650 2 4 |a Artificial Intelligence (incl. Robotics). 
650 2 4 |a Image Processing and Computer Vision. 
650 2 4 |a User Interfaces and Human Computer Interaction. 
700 1 |a André, Elisabeth.  |e editor. 
700 1 |a Dybkjær, Laila.  |e editor. 
700 1 |a Minker, Wolfgang.  |e editor. 
700 1 |a Neumann, Heiko.  |e editor. 
700 1 |a Weber, Michael.  |e editor. 
710 2 |a SpringerLink (Online service) 
773 0 |t Springer eBooks 
776 0 8 |i Printed edition:  |z 9783540347439 
830 0 |a Lecture Notes in Computer Science,  |x 0302-9743 ;  |v 4021 
856 4 0 |u http://dx.doi.org/10.1007/11768029  |z Full Text via HEAL-Link 
912 |a ZDB-2-SCS 
912 |a ZDB-2-LNC 
950 |a Computer Science (Springer-11645)